LIBRARY & INFORMATION CENTRE, KCAET, TAVANUR

ONLINE PUBLIC ACCESS CATALOGUE (OPAC)

Divya Sri Sankaracharyar / (Record no. 6176)

MARC details
000 -LEADER
fixed length control field 00406cam a2200157ua 4500
003 - CONTROL NUMBER IDENTIFIER
control field OSt
008 - FIXED-LENGTH DATA ELEMENTS--GENERAL INFORMATION
fixed length control field 240213b |||||||| |||| 00| 0 eng d
041 ## - LANGUAGE CODE
Language code of text/sound track or separate title mal
082 ## - DEWEY DECIMAL CLASSIFICATION NUMBER
Classification number 922.9
Item number NEE/DI
100 ## - MAIN ENTRY--AUTHOR NAME
Personal name Neelakanda Pillai, Kavungal .
245 ## - TITLE STATEMENT
Title Divya Sri Sankaracharyar /
250 ## - EDITION STATEMENT
Edition statement 3 /
260 ## - PUBLICATION, DISTRIBUTION, ETC. (IMPRINT)
Place of publication Quilon :
Name of publisher Sree Rama Vilasam Press & Book Depot ,
Year of publication 1974.
300 ## - PHYSICAL DESCRIPTION
Number of Pages 48 ; .
942 ## - ADDED ENTRY ELEMENTS (KOHA)
Koha item type Books
Holdings
Withdrawn status Lost status Damaged status Home library Current library Date acquired Full call number Accession Number Koha item type
Withdrawn     KAUAET Malayalam University 07/04/2012 922.9 42 Books
free website counter